000 00257nmm a2200085Ia 4500
008 220120s9999||||xx |||||||||||||||||und||
100 _aPCQ JULY 2010
_911228
245 0 _aSoftware to empower your business,security tools
260 _aCyber tach publication
_c2010
999 _c139496
_d139496